Statistics for Top 10 Mexico National Football Team Goalscorers

Click here to take the quiz!

General Stats

  • This quiz has been taken 45 times
  • The average score is 4 of 10

Answer Stats

RankPlayerGoalsCapsAvarageCareer% Correct
1Javier Hernández521090.482009–
93%
4Luis Hernández35850.411995–2002
88%
8Hugo Sánchez29580.501977–1998
78%
3Cuauhtémoc Blanco381190.321995–2014
49%
9Raúl Jiménez29980.32013–
46%
2Jared Borgetti46890.521997–2008
34%
5Carlos Hermosillo34900.381984–1997
20%
10Luis García28770.361991–1999
17%
6Enrique Borja31650.481966–1975
5%
7Luís Roberto Alves30840.361988–2001
5%

Score Distribution

Percentile by Number Answered

Percent of People with Each Score

Your Score History

You have not taken this quiz